| 000 | 00861nam a2200253Ia 4500 | ||
|---|---|---|---|
| 003 | OSt | ||
| 005 | 20221005105722.0 | ||
| 006 | a|||||r|||| 00| 0 | ||
| 007 | ta | ||
| 008 | 221004b |||||||| |||| 00| 0 hin d | ||
| 020 |
_a9788189997557 (hbk) _c395 |
||
| 024 | _a100145 | ||
| 037 |
_b405, 22/03/2010, Swaraj Prakashan _cTextual |
||
| 040 |
_aCRL _cCRL _bhin |
||
| 041 |
_2hin _ahin |
||
| 082 | _aO152,1I00:g, P9 | ||
| 100 | _aराहुल | ||
| 245 | 0 | _aकबीर आधुनिक संदर्भ में | |
| 246 | _aKabīr ādhunik sandarbha mean | ||
| 260 |
_aनई दिल्ली _bश्री नटराज प्रकाशन भारत _c2009 |
||
| 300 |
_a208पृ0 _ccm. |
||
| 942 |
_hO152,1I00:g, P9 _cTEXL _2cc |
||
| 999 |
_c1016690 _d1016690 |
||